000 01156cam a2200205 4500
001 J128959
008 050307n1900 000 0 eng u
035 _a(Sirsi) u128959
041 _aeng
050 _a720
_c18
245 4 _aThe survey of London
_bbeing the first volume of the register of the Committee for the Survey of the Memorials of Greater London containing the parish of Bromley-by-Bow
260 _aLondon
_bP. S. King and Son
_c1900
300 _axxxv, 53p.
_bill.
_c30cm.
490 _aSurvey of London Main Series
_v1
520 _aThis volume of the "Survey of London", English Heritage's detailed architectural and topographical study, describes buildings in Bromley-by-Bow (including many which have been demolished or rebuilt), explaining how they came into being and outlining their significance and historical associations. This earlier volume is highly selective and includes few buildings erected after 1800. Includes photographs and maps together with plans, sections and elevations of selected buildings.
590 _aSOL
690 _aBUILT ENVIRONMENT-CONSTRUCTION DESIGN
700 _aAshbee, C. R.
_xEditor
942 _n0
999 _c104047
_d104047